| 000 | 01728nam a2200373 c 4500 | ||
|---|---|---|---|
| 999 |
_c203397 _d203397 |
||
| 003 | BLK | ||
| 005 | 20200424095141.0 | ||
| 008 | 180411b bul|||||r ||||||| ||bul|| | ||
| 010 | _aKNG00212925000 | ||
| 040 | _aBLK | ||
| 041 |
_aBUL _cBUL |
||
| 072 | 7 |
_2bullib _aА _xФонд Михаил Арнаудов |
|
| 072 | 7 |
_2bullib _aЯ _xАвтографи |
|
| 080 |
_aЛитература на отделни езици и езикови семейства _b821 _x(092) _z821(092) |
||
| 080 |
_aИзобразителни изкуства и художествени занаяти _b73/76 _x(092) _z73/76(092) |
||
| 080 |
_aБиографии _b929 _x(100) _z929(100) |
||
| 100 | 1 |
_aИванов, Вичо Димов _eпърви автор _9376989 |
|
| 139 |
_aИванов, Вичо Димов _bИ 21 |
||
| 245 | 1 | 0 |
_aОбрази и отражения _cВичо Димов Иванов. |
| 257 | _aBGR | ||
| 260 |
_bТ. Ф. Чипев _c1939 _fСофия : Книпеграф |
||
| 300 |
_a204 с. _c19 см |
||
| 380 | _a82 | ||
| 490 |
_9396381 _aЧастна колекция - Академик Михаил Арнаудов _gДарение - Основен фонд |
||
| 500 | _aОтбелязва място в кн.: статията "Проф. Мих. Арнаудов за Раковски, с. 14-20 ; Автограф с текст: На уважавания проф. Михаил Арнаудов с чувство на признателност! от Вичо Иванов 4 ноемвр. 1939 Пловдив. - Мека подв. | ||
| 650 | 4 |
_aЛитературознание _9160629 |
|
| 650 | 4 |
_aИзкуство _9156342 |
|
| 659 | _aА | ||
| 659 | _aЯ | ||
| 852 |
_aМА 1021 _bМА |
||
| 856 | 4 | _qpdf | |
| 856 | 4 | _qpdf | |
| 942 |
_cKNG _n0 _s1 |
||
| 944 |
_aCR _c06.10.2017 _kГеновева_Генчева |
||
| 944 |
_aED _c06.10.2017 _kГеновева_Генчева |
||
| 999 | _d203397 | ||
| 999 | _d203397 | ||